Working Dogs Of The World - Statistics

General Stats
  • This quiz has been taken 23 times
    19 since last reset
  • The average score is 18 of 46
Answer Stats
Picture Answer % Correct
German Shepherd
93%
APBT (American Pit Bull Terrier)
86%
Doberman
79%
Rottweiler
79%
Belgian Malinois
71%
Border Collie
71%
English Bull Terrier
71%
Australian Kelpie
57%
Cane Corso
57%
Cocker Spaniel
57%
Dutch Herder
57%
Giant Schnauzer
57%
Greyhound
50%
Springer Spaniel
50%
Turkish Kangal
50%
Anatolian Shepherd
43%
Dogo Argentino
43%
German Pointer
43%
Patterdale Terrier
43%
Whippet
43%
American Bulldog
36%
Beauceron
36%
Bouvier Des Flanders
36%
BullHerder
36%
Jack Russell Terrier
36%
Jagd Terrier
36%
Lurcher
36%
Presa Canario
36%
Bandog
29%
Bedlington Terrier
29%
Caucasian Ovcharka
29%
Lakeland Terrier
29%
Olde English Bulldog
29%
Alabai (Central Asian Shepherd)
21%
Fila Brasileiro
21%
Tosa Inu
21%
American Staffordshire Terrier
14%
Bully Kutta
14%
Wheaton Terrier
14%
Akbas
7%
Armenian Gampr
7%
BullLurcher
7%
Gultair (Gull Terrier)
7%
Modern Alaunt Gentile
7%
Sarabi
7%
Volkodav
7%
No matching quizzes found
Score Distribution
Percent of People with Each Score
Percentile by Number Answered
Your Score History
You have not taken this quiz since the last reset